000 01207cam a22003017a 4500
003 OSt
005 20240530110423.0
008 080923s2008 enkab b 001 0 eng
020 _a9780714119793 (pbk.)
020 _a9789774161643
035 _a(OCoLC)ocn183148177
040 _aEG-CaGPL
_cEG-CaGPL
042 _alccopycat
082 0 4 _221
_a932
_bCC/P P
100 1 _aParkinson, R. B.
245 1 4 _aThe painted tomb-chapel of Nebamun :
_b[masterpieces of ancient Egyptian art in the British Museum] /
_cRichard Parkinson ; photography by Kevin Lovelock.
260 _aLondon :
_bBritish Museum Press,
_c2008.
300 _a152 p. :
_bill. (chiefly col.), map ;
_c22 x 28 cm.
500 _aSubtitle from cover.
504 _aIncludes bibliographical references (p. 145-148) and index.
650 0 _aMural painting and decoration, Egyptian.
650 0 _aMural painting and decoration, Ancient
_zEgypt.
650 0 _aTombs
_zEgypt
_zThebes (Extinct city)
650 0 _aMural painting and decoration, Egyptian
_xConservation and restoration.
650 0 _aMural painting and decoration, Ancient
_xConservation and restoration.
650 0 _aTombs
_xConservation and restoration.
942 _2ddc
_cBK
999 _c60686
_d60686